Statistics for San Marino in the Eurovision Song Contest Quiz

Click here to take the quiz!

General Stats

  • This quiz has been taken 45 times
    (7 since last reset)
  • The average score is 12 of 15

Answer Stats

YearPlaceSongArtist(s)% Correct
202214 (SF)StripperAchille Lauro
100%
202414 (SF)11:11Megara
100%
202316 (SF)Like an AnimalPiqued Jacks
100%
202122AdrenalinaSenhit
83%
2020-Freaky!Senhit
83%
201116 (SF)Stand BySenhit
83%
201919Say Na Na NaSerhat
83%
201612 (SF)I Didn't KnowSerhat
83%
201817 (SF)Who We AreJessika feat. Jenifer Brening
67%
201516 (SF)Chain of LightsMichele Perniola & Anita Simoncini
67%
200819 (SF)CompliceMiodio
67%
201424MaybeValentina Monetta
67%
201311 (SF)Crisalide (Vola)Valentina Monetta
67%
201214 (SF)The Social Network SongValentina Monetta
67%
201718 (SF)Spirit of the NightValentina Monetta & Jimmie Wilson
67%

Score Distribution

Percentile by Number Answered

Percent of People with Each Score

Your Score History

You have not taken this quiz since the last reset